| 000 | 00952nam a2200169Ia 4500 | ||
|---|---|---|---|
| 008 | 240614s9999 xx 000 0 und d | ||
| 020 | _a97806642575380664257534 | ||
| 041 | _aeng | ||
| 050 |
_aBV4398 _b.R4 1997 |
||
| 100 | _aRediger, G. Lloyd | ||
| 245 | 0 |
_aClergy Killers : _bGuidance for Pastors and Congregations under Attack / _cG. Lloyd Rediger |
|
| 260 |
_aLouisville, Ky. : _b Westminster J. Knox Press, _c1997 |
||
| 300 |
_avii, 200 p. : _bill. ; _c22 cm. |
||
| 505 | _aClergy killers -- Clergy killer context -- Collateral damage -- Is conflict in the church normal? -- Types of conflict -- Normal conflict -- Abnormal conflict -- Spiritual conflict -- Killer clergy -- Why people act like they do -- Managing the clergy killer phenomenon -- Building support systems -- Pastoral fitness -- Healthy congregations. | ||
| 650 | _aClergy—Abuse of.Church controversies.Conflict management—Religious aspects—Christianity. | ||
| 999 |
_c53145 _d53145 |
||